Leader xxxxxxxxxx
001 __ 84145969
005 __ 19960206175824.0
008 __ chi
010 0_ |a957-8936-55-9|b平裝|dNT﹩150
100 __ |a19951014d1995 m y0chiy0109 e.
101 1_ |achi.
102 __ |acw.
105 __ |ay z 000ad.
200 1_ |a雪國|e|f川端康成著|g林水福導讀|g石榴紅文字工作坊譯.
205 __ |a初版.
210 __ |a臺北市|c花田出版|a臺北縣新店市|c啟現總經銷|d民84[1995]
215 0_ |a178面|c|d21公分.
225 2_ |a日本經典文學大系|v50.
260 1_ |a1995.
320 __ |a附錄:川端康成年譜.
410 _1 |12001 |a日本經典文學大系|v50.
681 __ |a861.57|b2005.
700 _1 |a川端|b康成|4著.
702 _1 |a林|b水福|4導讀.
712 02 |a石榴紅文字工作坊|4譯.
801 _0 |acw|bPTL|c19951014.
801 _1 |acw|b鎧鈺|c19951014.
|